[Event "Baltic Sea Cup"]
[Site "Ronne"]
[Date "2007.07.30"]
[Round "1.31"]
[White "Grandadam, Patrick"]
[Black "Titu Maiorescu, Dorin"]
[Result "1/2-1/2"]
[WhiteElo "1918"]
[BlackElo "2273"]
[PlyCount "42"]
[EventDate "2007.??.??"]
[EventType "swiss"]
[EventRounds "9"]
[EventCountry "DEN"]
[SourceDate "2005.12.01"]
[WhiteTeam "Denmark"]
[BlackTeam "Denmark"]
[WhiteTeamCountry "DEN"]
[BlackTeamCountry "DEN"]

1. d4 Nf6 2. Nf3 d6 3. c4 Nbd7 4. Nc3 e5 5. e4 Be7 6. Be2 O-O 7. O-O c6 8. h3
Re8 9. Be3 Qc7 10. b4 exd4 11. Nxd4 d5 12. cxd5 Bxb4 13. Rc1 Bxc3 14. Rxc3 Nxe4
15. Rc1 Qa5 16. dxc6 Ndc5 17. Qc2 b6 18. Nb5 Bf5 19. Qc4 Be6 20. Qc2 Bf5 21.
Qc4 Be6 1/2-1/2

[Event "Baltic Sea Cup"]
[Site "Ronne"]
[Date "2007.07.30"]
[Round "1.34"]
[White "Jorgensen, Jorgen"]
[Black "Jensen, Jan Kargaard"]
[Result "1-0"]
[WhiteElo "2250"]
[BlackElo "1894"]
[PlyCount "41"]
[EventDate "2007.??.??"]
[EventType "swiss"]
[EventRounds "9"]
[EventCountry "DEN"]
[SourceDate "2005.12.01"]
[WhiteTeam "Denmark"]
[BlackTeam "Denmark"]
[WhiteTeamCountry "DEN"]
[BlackTeamCountry "DEN"]

1. Nf3 Nf6 2. c4 b6 3. g3 Bb7 4. Bg2 e6 5. O-O Be7 6. d4 c5 7. d5 exd5 8. Nh4
Ne4 9. Nf5 g6 10. Nxe7 Qxe7 11. cxd5 f5 12. f3 Nf6 13. e4 fxe4 14. fxe4 d6 15.
e5 Nfd7 16. exd6 Qg7 17. Bg5 Qxb2 18. Qe1+ Ne5 19. Nc3 Nbd7 20. Rb1 Qc2 21. Be4
1-0

[Event "Baltic Sea Cup"]
[Site "Ronne"]
[Date "2007.07.30"]
[Round "1.40"]
[White "Wiwe, Andreas"]
[Black "Christensen, Janus"]
[Result "1/2-1/2"]
[WhiteElo "2187"]
[BlackElo "2137"]
[PlyCount "64"]
[EventDate "2007.??.??"]
[EventType "swiss"]
[EventRounds "9"]
[EventCountry "DEN"]
[SourceDate "2005.12.01"]
[WhiteTeam "Denmark"]
[BlackTeam "Denmark"]
[WhiteTeamCountry "DEN"]
[BlackTeamCountry "DEN"]

1. e4 e5 2. Nf3 Nc6 3. d4 exd4 4. Bc4 Nf6 5. O-O Nxe4 6. Re1 d5 7. Bxd5 Qxd5 8.
Nc3 Qh5 9. Nxe4 Be6 10. Bg5 Bd6 11. Nxd6+ cxd6 12. Bf4 Qd5 13. c4 Qc5 14. Ng5
O-O 15. b3 Bf5 16. Qf3 h6 17. Nh3 Rad8 18. Qg3 Bg6 19. Bd2 Qf5 20. Nf4 Ne5 21.
Bb4 Rfe8 22. h3 b6 23. a4 a5 24. Ba3 Nd3 25. Nxd3 Qxd3 26. Rxe8+ Rxe8 27. Qxd3
Bxd3 28. Rd1 Bc2 29. Rxd4 Bxb3 30. Bxd6 Rd8 31. c5 bxc5 32. Bxc5 Rxd4 1/2-1/2

[Event "Baltic Sea Cup"]
[Site "Ronne"]
[Date "2007.07.30"]
[Round "1.41"]
[White "Zhao, Parker"]
[Black "Noer, Martin Stampe"]
[Result "0-1"]
[WhiteElo "2180"]
[BlackElo "1766"]
[PlyCount "96"]
[EventDate "2007.??.??"]
[EventType "swiss"]
[EventRounds "9"]
[EventCountry "DEN"]
[SourceDate "2005.12.01"]
[WhiteTeam "Denmark"]
[BlackTeam "Denmark"]
[WhiteTeamCountry "DEN"]
[BlackTeamCountry "DEN"]

1. e4 c6 2. d4 d5 3. exd5 cxd5 4. c4 Nf6 5. Nc3 Nc6 6. Bf4 dxc4 7. d5 e5 8. Bg3
Nb4 9. Bxc4 Bf5 10. Rc1 Bd6 11. a3 Na6 12. Bxa6 bxa6 13. Qa4+ Qd7 14. Qxa6 Rb8
15. Qe2 O-O 16. Qd2 Qb7 17. b4 a5 18. bxa5 Bxa3 19. Nge2 Bxc1 20. Qxc1 Nxd5 21.
O-O f6 22. Qd2 Nxc3 23. Nxc3 Rfd8 24. Qa2+ Qb3 25. Qxb3+ Rxb3 26. Nd1 Rb1 27.
Ne3 Rxf1+ 28. Kxf1 Bd3+ 29. Ke1 Ra8 30. Kd2 Ba6 31. f4 exf4 32. Bxf4 Rc8 33.
Ke1 Rc5 34. Kf2 Rxa5 35. h4 Kf7 36. Bc7 Ra4 37. Bg3 Bb7 38. Kg1 Ra3 39. Bf2 Kg6
40. Kh2 f5 41. Nc4 Ra2 42. Kg1 f4 43. Nd6 Bc6 44. Nc4 Kf5 45. Nd6+ Ke6 46. Nc4
h6 47. Nb6 g5 48. hxg5 hxg5 0-1

[Event "Baltic Sea Cup"]
[Site "Ronne"]
[Date "2007.07.30"]
[Round "1.42"]
[White "Adolfssen, Rico"]
[Black "Moller, Morten Kock"]
[Result "0-1"]
[WhiteElo "1752"]
[BlackElo "2178"]
[PlyCount "46"]
[EventDate "2007.??.??"]
[EventType "swiss"]
[EventRounds "9"]
[EventCountry "DEN"]
[SourceDate "2005.12.01"]
[WhiteTeam "Denmark"]
[BlackTeam "Denmark"]
[WhiteTeamCountry "DEN"]
[BlackTeamCountry "DEN"]

1. e4 e5 2. Nf3 Nc6 3. d4 exd4 4. c3 d5 5. Bb5 dxe4 6. Ne5 Bd7 7. Bxc6 Bxc6 8.
Qh5 Qd5 9. cxd4 Nf6 10. Qg5 h6 11. Qg3 Qxd4 12. Nxc6 bxc6 13. Qxc7 Bb4+ 14. Nd2
O-O 15. Qf4 Nd5 16. Qg4 f5 17. Qh4 f4 18. a3 Ba5 19. Ra2 e3 20. b4 Nc3 21. O-O
Nxa2 22. Nb3 exf2+ 23. Kh1 Qd3 0-1

[Event "Baltic Sea Cup"]
[Site "Ronne"]
[Date "2007.07.30"]
[Round "1.43"]
[White "Svendsen, Mads Bilde"]
[Black "Kallenbach, Uffe"]
[Result "1-0"]
[WhiteElo "2178"]
[BlackElo "1596"]
[PlyCount "39"]
[EventDate "2007.??.??"]
[EventType "swiss"]
[EventRounds "9"]
[EventCountry "DEN"]
[SourceDate "2005.12.01"]
[WhiteTeam "Denmark"]
[BlackTeam "Denmark"]
[WhiteTeamCountry "DEN"]
[BlackTeamCountry "DEN"]

1. d4 Nf6 2. c4 e6 3. Nc3 Bb4 4. f3 d5 5. a3 Be7 6. e4 dxe4 7. fxe4 O-O 8. Nf3
Kh8 9. Be2 c6 10. O-O Na6 11. b4 Nc7 12. e5 Ng8 13. Qd3 b6 14. Ne4 f6 15. exf6
Nxf6 16. Bb2 b5 17. Ne5 bxc4 18. Qh3 Nxe4 19. Rxf8+ Bxf8 20. Nf7+ 1-0

[Event "Baltic Sea Cup"]
[Site "Ronne"]
[Date "2007.07.30"]
[Round "1.44"]
[White "Poulsen, Iver"]
[Black "Palvig, David Kinch"]
[Result "1-0"]
[WhiteElo "2178"]
[BlackElo "1750"]
[PlyCount "43"]
[EventDate "2007.??.??"]
[EventType "swiss"]
[EventRounds "9"]
[EventCountry "DEN"]
[SourceDate "2005.12.01"]
[WhiteTeam "Denmark"]
[BlackTeam "Denmark"]
[WhiteTeamCountry "DEN"]
[BlackTeamCountry "DEN"]

1. e4 c6 2. d4 d5 3. e5 Bf5 4. Nf3 e6 5. Be2 c5 6. Be3 Nc6 7. dxc5 Qa5+ 8. c3
Bxc5 9. b4 Bxb4 10. cxb4 Nxb4 11. Bd2 Qc5 12. Qa4+ Nc6 13. O-O Nge7 14. Rc1 Qb6
15. Qb5 O-O 16. Be3 Qc7 17. Nbd2 Rfc8 18. Bc5 Bg4 19. Bd6 Qd7 20. Rab1 Bxf3 21.
Nxf3 b6 22. Bxe7 1-0

[Event "Baltic Sea Cup"]
[Site "Ronne"]
[Date "2007.07.30"]
[Round "1.47"]
[White "Olsen, Karsten Kierkegaard"]
[Black "Pedersen, Martin Rosenkilde"]
[Result "0-1"]
[WhiteElo "1598"]
[BlackElo "2163"]
[PlyCount "57"]
[EventDate "2007.??.??"]
[EventType "swiss"]
[EventRounds "9"]
[EventCountry "DEN"]
[SourceDate "2005.12.01"]
[WhiteTeam "Denmark"]
[BlackTeam "Denmark"]
[WhiteTeamCountry "DEN"]
[BlackTeamCountry "DEN"]

1. e4 c5 2. Nf3 d6 3. d4 cxd4 4. Nxd4 Nf6 5. Nc3 g6 6. Be2 Bg7 7. Be3 O-O 8. g4
Nc6 9. g5 Nd7 10. Qd2 Nb6 11. Nxc6 bxc6 12. f4 Qc7 13. Nd1 d5 14. e5 c5 15. c3
Bb7 16. Rg1 a5 17. Bf2 a4 18. Ne3 Rfd8 19. Nc2 Ba6 20. Bxa6 Rxa6 21. Na3 e6 22.
O-O-O c4 23. Qd4 Bf8 24. Nb5 Qc6 25. Na3 Nd7 26. Nc2 Qb5 27. Nb4 a3 28. Rd2 Bc5
29. Qxc5 0-1

[Event "Baltic Sea Cup"]
[Site "Ronne"]
[Date "2007.07.30"]
[Round "1.51"]
[White "Radil, Casper"]
[Black "Dinesen, Lasse Juel"]
[Result "1-0"]
[WhiteElo "2107"]
[BlackElo "1522"]
[PlyCount "55"]
[EventDate "2007.??.??"]
[EventType "swiss"]
[EventRounds "9"]
[EventCountry "DEN"]
[SourceDate "2005.12.01"]
[WhiteTeam "Denmark"]
[BlackTeam "Denmark"]
[WhiteTeamCountry "DEN"]
[BlackTeamCountry "DEN"]

1. e4 c6 2. d4 d5 3. exd5 cxd5 4. Bd3 Nc6 5. c3 Nf6 6. Bf4 Qb6 7. Qb3 Qxb3 8.
axb3 Nh5 9. Be3 g6 10. Na3 a6 11. Nb5 Kd8 12. Nf3 Bg7 13. Ng5 Be6 14. f4 Kd7
15. Nxe6 axb5 16. Nc5+ Kc7 17. O-O b4 18. f5 Bf6 19. g4 Ng7 20. g5 Nxf5 21.
Bxf5 Bxg5 22. Bxg5 gxf5 23. Bf4+ Kb6 24. Na4+ Kb5 25. c4+ dxc4 26. bxc4+ Kxc4
27. Nb6+ Kxd4 28. Rxa8 1-0

[Event "Baltic Sea Cup"]
[Site "Ronne"]
[Date "2007.07.30"]
[Round "1.53"]
[White "Stovring, Claus"]
[Black "Baun, Christian"]
[Result "1-0"]
[WhiteElo "2089"]
[BlackElo "1441"]
[PlyCount "102"]
[EventDate "2007.??.??"]
[EventType "swiss"]
[EventRounds "9"]
[EventCountry "DEN"]
[SourceDate "2005.12.01"]
[WhiteTeam "Denmark"]
[BlackTeam "Denmark"]
[WhiteTeamCountry "DEN"]
[BlackTeamCountry "DEN"]

1. e4 e6 2. d4 d5 3. e5 c5 4. c3 Bd7 5. Nf3 Qb6 6. Be2 Bb5 7. O-O Bxe2 8. Qxe2
h6 9. dxc5 Qxc5 10. Na3 a6 11. c4 Ne7 12. Be3 Qc7 13. Rac1 Nbc6 14. Bc5 d4 15.
Bd6 Qd8 16. Rfd1 Ng6 17. Bxf8 Nxf8 18. Nc2 Ng6 19. Ncxd4 Qc7 20. Nxc6 bxc6 21.
Qe4 O-O 22. Rd6 c5 23. Rcd1 Rfd8 24. h4 Rac8 25. h5 Ne7 26. Qe3 Nf5 27. Rxd8+
Rxd8 28. Rxd8+ Qxd8 29. Qxc5 Nh4 30. Nxh4 Qxh4 31. Qc8+ Kh7 32. Qxa6 Qxh5 33.
Qd6 Qg5 34. Qd4 Qc1+ 35. Kh2 g5 36. a4 h5 37. a5 Qa1 38. Qc3 g4 39. c5 Qf1 40.
Qe3 Kg6 41. c6 h4 42. c7 Qc4 43. Qc3 Qf4+ 44. Kg1 g3 45. f3 h3 46. gxh3 Qa4 47.
Qd3+ Kg7 48. c8=Q Qxa5 49. Qcc3 Qa1+ 50. Kg2 Qa7 51. Qe3 Qe7 1-0

[Event "Baltic Sea Cup"]
[Site "Ronne"]
[Date "2007.07.30"]
[Round "1.55"]
[White "Schmitz, Andreas Arnold"]
[Black "Hein, Jacob"]
[Result "1-0"]
[WhiteElo "2081"]
[BlackElo "1329"]
[PlyCount "95"]
[EventDate "2007.??.??"]
[EventType "swiss"]
[EventRounds "9"]
[EventCountry "DEN"]
[SourceDate "2005.12.01"]
[WhiteTeam "Denmark"]
[BlackTeam "Denmark"]
[WhiteTeamCountry "DEN"]
[BlackTeamCountry "DEN"]

1. e4 c5 2. c3 a6 3. d4 cxd4 4. cxd4 e6 5. Nc3 Bb4 6. a3 Bxc3+ 7. bxc3 Qa5 8.
Bd2 Qb6 9. Bd3 Ne7 10. e5 d6 11. Nf3 dxe5 12. Nxe5 Nd7 13. Rb1 Qd6 14. Nc4 Qc7
15. Qf3 Nd5 16. Qg3 N7f6 17. Qxc7 Nxc7 18. Nd6+ Ke7 19. Nxb7 Rb8 20. Nc5 Rxb1+
21. Bxb1 Rd8 22. O-O Nd7 23. Ne4 h6 24. c4 Kf8 25. Ba5 Nf6 26. Nxf6 gxf6 27.
Bxc7 Rxd4 28. c5 Bb7 29. Bd6+ Ke8 30. Bc2 Bc6 31. h3 Rd2 32. Rc1 Kd7 33. Bf8 h5
34. Rd1 Rxd1+ 35. Bxd1 Ke8 36. Bg7 Ke7 37. Bxh5 Bd5 38. Be2 a5 39. f4 Bb7 40.
g4 f5 41. g5 Bc6 42. h4 f6 43. Bxf6+ Kf7 44. h5 a4 45. h6 Kg6 46. Bh5+ Kh7 47.
Bf7 e5 48. Bg7 1-0

[Event "Baltic Sea Cup"]
[Site "Ronne"]
[Date "2007.07.30"]
[Round "1.56"]
[White "Pedersen, Lasse"]
[Black "Andersen, Lars Ren"]
[Result "0-1"]
[WhiteElo "1062"]
[BlackElo "2081"]
[PlyCount "78"]
[EventDate "2007.??.??"]
[EventType "swiss"]
[EventRounds "9"]
[EventCountry "DEN"]
[SourceDate "2005.12.01"]
[WhiteTeam "Denmark"]
[BlackTeam "Denmark"]
[WhiteTeamCountry "DEN"]
[BlackTeamCountry "DEN"]

1. Nf3 g6 2. g3 Bg7 3. Bg2 c5 4. O-O Nc6 5. c3 e5 6. d3 Nf6 7. Bg5 h6 8. Bxf6
Qxf6 9. Nbd2 O-O 10. Ne4 Qe7 11. c4 d6 12. Rc1 Be6 13. Nc3 Qd7 14. Qd2 Bh3 15.
Nd5 Bxg2 16. Kxg2 f5 17. e3 e4 18. Ne1 Rae8 19. a3 g5 20. b4 Ne5 21. b5 Kh8 22.
a4 Qf7 23. a5 Qh5 24. Qd1 Qxd1 25. Rxd1 exd3 26. Nxd3 Nxc4 27. a6 b6 28. Nc7
Re7 29. Nd5 Ref7 30. Rc1 Na3 31. f4 g4 32. Rfe1 Re8 33. Nf2 Nxb5 34. e4 fxe4
35. Nxe4 Rf5 36. Ne3 Rf7 37. Nxg4 Rfe7 38. Kf1 Rxe4 39. Red1 Nd4 0-1

[Event "Baltic Sea Cup"]
[Site "Ronne"]
[Date "2007.07.30"]
[Round "1.57"]
[White "Skjoldager, Nicklas"]
[Black "Holm, Kristian Stuvik"]
[Result "1-0"]
[WhiteElo "2077"]
[BlackElo "1000"]
[PlyCount "41"]
[EventDate "2007.??.??"]
[EventType "swiss"]
[EventRounds "9"]
[EventCountry "DEN"]
[SourceDate "2005.12.01"]
[WhiteTeam "Denmark"]
[BlackTeam "Denmark"]
[WhiteTeamCountry "DEN"]
[BlackTeamCountry "DEN"]

1. e4 c5 2. Nf3 e6 3. Nc3 a6 4. a4 Nc6 5. Bc4 d6 6. d4 cxd4 7. Nxd4 Qc7 8. O-O
Bd7 9. Be3 Nf6 10. f4 b6 11. Qe2 a5 12. Ndb5 Qb7 13. Rad1 Be7 14. Nxd6+ Bxd6
15. Rxd6 O-O 16. e5 Ne8 17. Rd2 g6 18. Rfd1 Rd8 19. Qf2 Nb8 20. Bb5 Ng7 21.
Bxb6 1-0

[Event "Baltic Sea Cup"]
[Site "Ronne"]
[Date "2007.07.30"]
[Round "1.58"]
[White "Ronne Larsen, Dennis"]
[Black "Hoffmann, Steffen"]
[Result "0-1"]
[WhiteElo "1000"]
[BlackElo "2076"]
[PlyCount "66"]
[EventDate "2007.??.??"]
[EventType "swiss"]
[EventRounds "9"]
[EventCountry "DEN"]
[SourceDate "2005.12.01"]
[WhiteTeam "Denmark"]
[BlackTeam "Denmark"]
[WhiteTeamCountry "DEN"]
[BlackTeamCountry "DEN"]

1. d4 d5 2. Nc3 c5 3. Bf4 Nf6 4. Nb5 Qa5+ 5. c3 Qxb5 6. e3 Qxb2 7. Ne2 Nc6 8.
Qb1 Qxb1+ 9. Rxb1 e6 10. g3 Be7 11. Rb5 O-O 12. dxc5 a6 13. Rb6 Bxc5 14. Rb3 e5
15. Bg5 Ne4 16. h4 f6 17. Bg2 fxg5 18. Bxe4 dxe4 19. hxg5 b5 20. Rb1 Bg4 21.
Ng1 Rad8 22. Rh4 Bf3 23. Nxf3 exf3 24. e4 Bxf2+ 25. Kxf2 Rd2+ 26. Ke1 Rxa2 27.
Rd1 f2+ 28. Kf1 Na5 29. g6 hxg6 30. Rg4 Nc4 31. Rd3 Ra1+ 32. Kg2 f1=Q+ 33. Kh2
Qh1# 0-1

[Event "Baltic Sea Cup"]
[Site "Ronne"]
[Date "2007.07.30"]
[Round "1.59"]
[White "Ehlers, Kjeld"]
[Black "Grand, Hans Henrik"]
[Result "0-1"]
[WhiteElo "1449"]
[BlackElo "2076"]
[PlyCount "28"]
[EventDate "2007.??.??"]
[EventType "swiss"]
[EventRounds "9"]
[EventCountry "DEN"]
[SourceDate "2005.12.01"]
[WhiteTeam "Denmark"]
[BlackTeam "Denmark"]
[WhiteTeamCountry "DEN"]
[BlackTeamCountry "DEN"]

1. d4 d5 2. c4 e6 3. Nc3 c5 4. cxd5 cxd4 5. Qxd4 Nc6 6. Qd1 exd5 7. e3 Nf6 8.
Bd3 Bd6 9. Nf3 O-O 10. O-O Bg4 11. a3 Qe7 12. b4 Ne5 13. Be2 Nxf3+ 14. Bxf3 Qe5
0-1

[Event "Baltic Sea Cup"]
[Site "Ronne"]
[Date "2007.07.30"]
[Round "1.15"]
[White "Glud, Jakob Vang"]
[Black "Grandadam, Nicolas"]
[Result "1-0"]
[WhiteElo "2435"]
[BlackElo "2022"]
[PlyCount "45"]
[EventDate "2007.??.??"]
[EventType "swiss"]
[EventRounds "9"]
[EventCountry "DEN"]
[SourceDate "2005.12.01"]
[WhiteTeam "Denmark"]
[BlackTeam "Denmark"]
[WhiteTeamCountry "DEN"]
[BlackTeamCountry "DEN"]

1. c4 e5 2. g3 Nf6 3. Bg2 d5 4. cxd5 Nxd5 5. Nf3 Nc6 6. O-O Be7 7. d4 e4 8. Ne5
e3 9. Nxc6 bxc6 10. fxe3 Bg5 11. Qd3 a5 12. e4 Bxc1 13. Rxc1 Ba6 14. Qd2 Ne7
15. Rc5 O-O 16. Rxa5 f5 17. Nc3 Qd6 18. Rf1 Qb4 19. Ra4 Qb6 20. exf5 Nxf5 21.
Nd5 Qb5 22. Ra5 Qb7 23. Rxf5 1-0

[Event "Baltic Sea Cup"]
[Site "Ronne"]
[Date "2007.07.30"]
[Round "1.19"]
[White "Borup, Mads"]
[Black "Jayaram, Ashwin"]
[Result "0-1"]
[WhiteElo "1996"]
[BlackElo "2399"]
[PlyCount "58"]
[EventDate "2007.??.??"]
[EventType "swiss"]
[EventRounds "9"]
[EventCountry "DEN"]
[SourceDate "2005.12.01"]
[WhiteTeam "Denmark"]
[BlackTeam "Denmark"]
[WhiteTeamCountry "DEN"]
[BlackTeamCountry "DEN"]

1. d4 Nf6 2. c4 g6 3. Nc3 d5 4. cxd5 Nxd5 5. Bd2 Bg7 6. e4 Nb6 7. Be3 O-O 8.
Be2 f5 9. exf5 gxf5 10. Qb3+ e6 11. Rd1 f4 12. Bc1 Nc6 13. Nf3 Nd5 14. O-O a6
15. Rfe1 b6 16. Ne4 h6 17. a3 Bb7 18. Bd3 Qe8 19. Bb1 Rd8 20. Qc2 Qg6 21. Nh4
Qg4 22. Nd6 cxd6 23. Qh7+ Kf7 24. h3 Qxh4 25. Qg6+ Kg8 26. Qh7+ Kf7 27. Qg6+
Ke7 28. Qxg7+ Rf7 29. Qg6 Qg5 0-1

[Event "Baltic Sea Cup"]
[Site "Ronne"]
[Date "2007.07.30"]
[Round "1.23"]
[White "Glibstrup, Michael"]
[Black "Cabrera Trujillo, Jorge"]
[Result "0-1"]
[WhiteElo "1969"]
[BlackElo "2324"]
[PlyCount "110"]
[EventDate "2007.??.??"]
[EventType "swiss"]
[EventRounds "9"]
[EventCountry "DEN"]
[SourceDate "2005.12.01"]
[WhiteTeam "Denmark"]
[BlackTeam "Denmark"]
[WhiteTeamCountry "DEN"]
[BlackTeamCountry "DEN"]

1. Nf3 Nf6 2. d4 g6 3. c4 Bg7 4. Nc3 O-O 5. e4 d6 6. Be2 e5 7. Bg5 Qe8 8. dxe5
dxe5 9. Nd5 Nxd5 10. cxd5 c6 11. d6 f6 12. Qb3+ Kh8 13. Be3 Qe6 14. Qa3 Rd8 15.
Rd1 Bf8 16. Bc5 Nd7 17. Be3 Nb8 18. Bc5 Qf7 19. Bb6 Re8 20. Bc7 Be6 21. b3 Qxc7
22. dxc7 Bxa3 23. cxb8=Q Raxb8 24. O-O Red8 25. Rxd8+ Rxd8 26. Rd1 Rxd1+ 27.
Bxd1 Kg7 28. Kf1 Kf7 29. Ke2 Ke7 30. Kd3 Bc5 31. Ke2 Kd6 32. Nd2 Bd4 33. f3 Kc5
34. Kd3 b5 35. h3 Kb4 36. Nb1 a5 37. g4 Kc5 38. Nd2 Kb6 39. f4 Bf7 40. Nf3 c5
41. g5 c4+ 42. Kd2 fxg5 43. fxe5 Kc5 44. Nxg5 Bg8 45. Nf3 Ba1 46. Ke3 Kb4 47.
bxc4 Bxc4 48. Bb3 Bxb3 49. axb3 Kxb3 50. Nd4+ Kc4 51. Nc6 a4 52. e6 Bf6 53. e5
Bg5+ 54. Ke2 a3 55. e7 Bxe7 0-1

[Event "Baltic Sea Cup"]
[Site "Ronne"]
[Date "2007.07.30"]
[Round "1.24"]
[White "Kleiman, Jake"]
[Black "Olsen, Lars Moller"]
[Result "1-0"]
[WhiteElo "2312"]
[BlackElo "1961"]
[PlyCount "57"]
[EventDate "2007.??.??"]
[EventType "swiss"]
[EventRounds "9"]
[EventCountry "DEN"]
[SourceDate "2005.12.01"]
[WhiteTeam "Denmark"]
[BlackTeam "Denmark"]
[WhiteTeamCountry "DEN"]
[BlackTeamCountry "DEN"]

1. e4 Nf6 2. e5 Nd5 3. d4 d6 4. Nf3 Bg4 5. Be2 e6 6. O-O Nc6 7. exd6 cxd6 8. c4
Nb6 9. d5 exd5 10. cxd5 Bxf3 11. Bxf3 Ne5 12. Be4 Be7 13. a4 Bf6 14. Qh5 g6 15.
Qe2 O-O 16. a5 Nc8 17. Nc3 Bg7 18. f4 Nd7 19. Bf3 Nc5 20. Qc4 Re8 21. Bd2 Qf6
22. Nb5 Rb8 23. b4 Nd7 24. Qc7 a6 25. Qxd7 Rd8 26. Qc7 axb5 27. Qxb8 Qd4+ 28.
Kh1 Qxd2 29. Rac1 1-0

[Event "Baltic Sea Cup"]
[Site "Ronne"]
[Date "2007.07.30"]
[Round "1.27"]
[White "Ochsner, Bjorn Moller"]
[Black "Lauridsen, Jesper Morch"]
[Result "1/2-1/2"]
[WhiteElo "1841"]
[BlackElo "2302"]
[PlyCount "84"]
[EventDate "2007.??.??"]
[EventType "swiss"]
[EventRounds "9"]
[EventCountry "DEN"]
[SourceDate "2005.12.01"]
[WhiteTeam "Denmark"]
[BlackTeam "Denmark"]
[WhiteTeamCountry "DEN"]
[BlackTeamCountry "DEN"]

1. e4 c5 2. Nf3 e6 3. d4 cxd4 4. Nxd4 a6 5. Be3 Nf6 6. Nc3 Bb4 7. Bd3 Qc7 8.
Bd2 d5 9. exd5 Bxc3 10. Bxc3 Nxd5 11. Ne2 Nxc3 12. Nxc3 Qe5+ 13. Qe2 Qxe2+ 14.
Bxe2 Bd7 15. Ne4 Bc6 16. Nd6+ Ke7 17. O-O-O b5 18. c4 bxc4 19. Nxc4 Nd7 20. f3
Bb5 21. Kb1 Rhd8 22. Rhe1 Nf6 23. Ne5 Rxd1+ 24. Bxd1 Rd8 25. Be2 Rd2 26. Bxb5
axb5 27. Rg1 Nd5 28. Kc1 Rf2 29. Nd3 Re2 30. Kd1 Rxg2 31. Rxg2 Ne3+ 32. Kd2
Nxg2 33. Kc3 Nh4 34. f4 Nf3 35. Kb4 e5 36. Nxe5 Nxe5 37. fxe5 Ke6 38. Kxb5 Kxe5
39. Kc5 f5 40. b4 f4 41. b5 Ke6 42. Kd4 g5 1/2-1/2

[Event "Baltic Sea Cup"]
[Site "Ronne"]
[Date "2007.07.30"]
[Round "1.32"]
[White "Baekgaard, Martin"]
[Black "Pieri, Enzo"]
[Result "1-0"]
[WhiteElo "2272"]
[BlackElo "1909"]
[PlyCount "59"]
[EventDate "2007.??.??"]
[EventType "swiss"]
[EventRounds "9"]
[EventCountry "DEN"]
[SourceDate "2005.12.01"]
[WhiteTeam "Denmark"]
[BlackTeam "Denmark"]
[WhiteTeamCountry "DEN"]
[BlackTeamCountry "DEN"]

1. d4 d5 2. c4 e6 3. Nc3 Nf6 4. cxd5 Nxd5 5. e4 Nxc3 6. bxc3 c5 7. Nf3 cxd4 8.
cxd4 Bb4+ 9. Bd2 Bxd2+ 10. Qxd2 O-O 11. Bc4 Nc6 12. O-O Ne7 13. Rfe1 Qd6 14. e5
Qd8 15. Qf4 Bd7 16. Bd3 Ng6 17. Qg4 f5 18. exf6 Qxf6 19. Bxg6 hxg6 20. Re2 Qf5
21. Qh4 Qh5 22. Qe4 Rac8 23. Rae1 Qf5 24. Qh4 Qf4 25. Qe7 Rf7 26. Qb4 Bc6 27.
Ne5 Bd5 28. Nxf7 Qg4 29. f3 Bxf3 30. Ne5 1-0

[Event "Baltic Sea Cup"]
[Site "Ronne"]
[Date "2007.07.30"]
[Round "1.33"]
[White "Lillelokken, Kjell Arne"]
[Black "Ostergaard, Jens"]
[Result "0-1"]
[WhiteElo "1898"]
[BlackElo "2256"]
[PlyCount "69"]
[EventDate "2007.??.??"]
[EventType "swiss"]
[EventRounds "9"]
[EventCountry "DEN"]
[SourceDate "2005.12.01"]
[WhiteTeam "Denmark"]
[BlackTeam "Denmark"]
[WhiteTeamCountry "DEN"]
[BlackTeamCountry "DEN"]

1. f4 g6 2. Nf3 Bg7 3. g3 d5 4. Bg2 c5 5. O-O Nc6 6. d3 e6 7. e4 Nge7 8. c3 b6
9. a4 O-O 10. Na3 Ba6 11. e5 Qd7 12. h4 f6 13. exf6 Bxf6 14. Re1 Nf5 15. Kh2
Rae8 16. Nc2 Bb7 17. d4 cxd4 18. cxd4 Rc8 19. Be3 Na5 20. Bf2 Nc4 21. Rb1 Ncd6
22. Ne3 Ne4 23. Nxf5 gxf5 24. Bg1 Rc4 25. Ra1 Rfc8 26. Ne5 Bxe5 27. dxe5 d4 28.
Kh3 d3 29. Ra3 d2 30. Rxe4 Bxe4 31. Bxe4 Rxe4 32. Be3 Rxe3 33. Rxe3 Rc1 34. Qh5
d1=Q 35. Rf3 0-1

[Event "Baltic Sea Cup"]
[Site "Ronne"]
[Date "2007.07.30"]
[Round "1.36"]
[White "Coleman, Teddy"]
[Black "Kristiansen, Orla"]
[Result "1-0"]
[WhiteElo "2239"]
[BlackElo "1842"]
[PlyCount "81"]
[EventDate "2007.??.??"]
[EventType "swiss"]
[EventRounds "9"]
[EventCountry "DEN"]
[SourceDate "2005.12.01"]
[WhiteTeam "Denmark"]
[BlackTeam "Denmark"]
[WhiteTeamCountry "DEN"]
[BlackTeamCountry "DEN"]

1. d4 d5 2. c4 c6 3. Nc3 e6 4. e3 Nf6 5. Nf3 Nbd7 6. Qc2 b6 7. Bd3 Bb7 8. O-O
dxc4 9. Bxc4 c5 10. Ne5 Rc8 11. Rd1 a6 12. Nxd7 Nxd7 13. d5 e5 14. d6 b5 15.
Bd5 Bxd5 16. Rxd5 g6 17. Ne4 c4 18. a4 b4 19. a5 b3 20. Qe2 Rc6 21. Ra4 Qc8 22.
f4 f5 23. fxe5 fxe4 24. e6 Bxd6 25. exd7+ Qxd7 26. Rd4 O-O 27. Raxc4 Qc7 28.
Rxc6 Bxh2+ 29. Kh1 Qxc6 30. Kxh2 Qxc1 31. Qxa6 Qxe3 32. Qe6+ Kh8 33. Qe5+ Kg8
34. Rxe4 Qd3 35. Qe6+ Kh8 36. a6 Qb5 37. a7 Qh5+ 38. Qh3 Qc5 39. Qe3 Qh5+ 40.
Kg3 Qb5 41. Re7 1-0

[Event "Baltic Sea Cup"]
[Site "Ronne"]
[Date "2007.07.30"]
[Round "1.37"]
[White "Schiendorfer, Alexander"]
[Black "Hartvig, Ove Weiss"]
[Result "0-1"]
[WhiteElo "1811"]
[BlackElo "2232"]
[PlyCount "70"]
[EventDate "2007.??.??"]
[EventType "swiss"]
[EventRounds "9"]
[EventCountry "DEN"]
[SourceDate "2005.12.01"]
[WhiteTeam "Denmark"]
[BlackTeam "Denmark"]
[WhiteTeamCountry "DEN"]
[BlackTeamCountry "DEN"]

1. e4 c5 2. Nf3 d6 3. c3 Nf6 4. d3 g6 5. Be2 Nc6 6. O-O Bg7 7. h3 O-O 8. Nbd2
Rb8 9. d4 b5 10. Rb1 e5 11. d5 Ne7 12. Nh2 Ne8 13. b3 f5 14. f3 Nf6 15. Qc2 f4
16. c4 b4 17. a4 h5 18. Kf2 g5 19. Rh1 Qe8 20. Bb2 Qg6 21. Rbg1 g4 22. hxg4
hxg4 23. Ke1 g3 24. Nhf1 Kf7 25. Nb1 Bd7 26. Qd2 Rh8 27. Kd1 Bh6 28. Kc2 Rh7
29. Bd3 Rbh8 30. Kc1 Qg5 31. Kc2 Ng6 32. Bc1 Nh4 33. Be2 Bg7 34. Qd3 Nxf3 35.
Nxg3 Nxg1 0-1